000 01472cam a2200421 4500
001 ##L135511
008 061103n2004 000 0 eng u
020 _a0727732668
035 _a(Sirsi) u135511
041 0 _aeng
050 0 4 _a696.9 $2 18
100 1 _aClements-Croome, Derek
245 0 0 _aIntelligent buildings
_bdesign,management and operation
260 _aLondon
_bThomas Telford
_c2004
300 _axiv, 408p.
_c25cm.
350 _a49.50
520 _aBrings together the latest information about the design, technology, financial analysis, project management, facilities management, and sustainability of intelligent buildings. Also addresses the changing nature of how people live and work with information and communication technologies and the role of cultural developments in designing desirable buildings. Includes case studies.
651 4 _aUnited Kingdom
_y
690 _aBUILT ENVIRONMENT-CONSTRUCTION DESIGN
700 1 _aHimanen, Mervi
700 1 _aGlover, Neil
700 1 _aCorne, David
700 1 _aLiu, Kecheng
700 1 _aWatt Maver, Thomas
700 1 _aBeaven, Michael
700 1 _aVincent, Julian
700 1 _aFairey, Victor
700 1 _aBennett, John
700 1 _aAl-Bizri, Salam
700 1 _aGray, Colin
700 1 _aFisher, Norman
700 1 _aFinch, Edward
700 1 _aClegg, Peter
700 1 _aGregory, Rob
700 1 _aParkes, Jeff
700 1 _aStrelitz, Ziona
942 _n0
999 _c106082
_d106082